| 000 | 00828cai a22001815a 4500 | ||
|---|---|---|---|
| 001 | L149127 | ||
| 008 | 100114u xxk g 000 0 eng d | ||
| 035 | _a(Sirsi) u149127 | ||
| 041 | 0 | _aeng | |
| 110 | 2 |
_aGreater London Authority _95818 |
|
| 245 | 0 | 0 |
_aLondon Rents _h[electronic resource] |
| 520 | _aShows average private sector rents for different types of home across London. The data is available at postcode district level (SW19 or E7, for example), and is based on a sample covering the last 12 months so does not fully reflect the most recent short-term trends in the market. | ||
| 590 | _aKA | ||
| 651 | 4 |
_aEngland _y886- |
|
| 690 | _aPROPERTY-RESIDENTIAL PROPERTY-RESIDENTIAL PROPERTY MARKET | ||
| 856 | 4 | 0 |
_uhttps://www.london.gov.uk/rents/ _zView the website free of charge at www.london.gov.uk/rents... |
| 942 | _n0 | ||
| 999 |
_c120835 _d120835 |
||